Normal view
MARC view
- Saleem, Jabran
Entry Personal Name
001 - CONTROL NUMBER
- control field: 97140
003 - CONTROL NUMBER IDENTIFIER
- control field: NUST
005 - DATE AND TIME OF LATEST TRANSACTION
- control field: 20220815111524.0
008 - FIXED-LENGTH DATA ELEMENTS
- fixed length control field: 220815|| aca||aabn | a|a d
040 ## - CATALOGING SOURCE
- Original cataloging agency: NUST
- Transcribing agency: NUST
100 ## - HEADING--PERSONAL NAME
- Personal name: Saleem, Jabran
670 ## - SOURCE DATA FOUND
- Source citation: Work cat.: (NUST): Saleem, Jabran , Test Suite Reduction Using K-means Clustering /
